Central Library OPAC University of Rajshahi

outline of organic chemistry/ (Record no. 70420)

MARC details
000 -LEADER
fixed length control field 00663nam a2200229 a 4500
001 - CONTROL NUMBER
control field 70420
003 - CONTROL NUMBER IDENTIFIER
rucl marc code BD-RjUL
005 - DATE AND TIME OF LATEST TRANSACTION
control field 20211209082009.0
008 - FIXED-LENGTH DATA ELEMENTS--GENERAL INFORMATION
fixed length control field 190227s1954 xx a b 001 0 eng
035 ## - SYSTEM CONTROL NUMBER
System control number (BD-RjUL)70634
040 ## - CATALOGING SOURCE
Original cataloging agency DLC
Transcribing agency FOFT
Modifying agency OCoLC
-- NBrockU
-- OCoLC
-- BD-RjUL
-- OClU
-- DLC
Language of cataloging eng
041 ## - LANGUAGE CODE
Language code of text/sound track or separate title eng
082 ## - DEWEY DECIMAL CLASSIFICATION NUMBER
Classification number 547
Edition number 23
Author mark and year HOO 1954
100 2# - MAIN ENTRY--PERSONAL NAME
Personal name Holmyard, E.J.
Dates associated with a name 1881-
9 (RLIN) 153269
245 10 - TITLE STATEMENT
Title outline of organic chemistry/
Statement of responsibility, etc. E.J. Holmyard
250 ## - EDITION STATEMENT
Edition statement 3rd ed.
260 ## - PUBLICATION, DISTRIBUTION, ETC. (IMPRINT)
Place of publication, distribution, etc. London : :
Name of publisher, distributor, etc. Edward Arnold,
Date of publication, distribution, etc. 1954[1957]
300 ## - PHYSICAL DESCRIPTION
Pagination vii, 492 p. :
Illustrations ill.;
Size 22 cm.
500 ## - GENERAL NOTE
General note Includes Index
650 ## - SUBJECT ADDED ENTRY--TOPICAL TERM
Topical term or geographic name as entry element Chemistry
Form subdivision Organic
9 (RLIN) 228723
942 ## - ADDED ENTRY ELEMENTS (KOHA)
Source of classification or shelving scheme Dewey Decimal Classification
Koha item type Books
Holdings
Lost status Source of classification or shelving scheme Damaged status Not for loan Collection code Permanent Location Current Location Shelving location Date acquired Source of acquisition Total Checkouts Full call number Date last seen Copy number Koha item type
  Dewey Decimal Classification   Not For Loan Non-fiction Central Library, University of Rajshahi Central Library, University of Rajshahi Reading Room 20/02/1961 Colombo Plan   547 HOO 1954 27/02/2019 C-1 Books